| 000 | 00725nam a2200229 i 4500 | ||
|---|---|---|---|
| 001 | 62414 | ||
| 003 | ES-MaACL | ||
| 005 | 20230906164649.0 | ||
| 007 | t| | ||
| 008 | 031120s1976 sp b 00110 spa d | ||
| 020 | _a84-7317-004-0 | ||
| 080 | _a016:821.134.2 Unamuno, Miguel de 1.07 | ||
| 100 | 1 |
_aFernández, Pelayo H. _9176611 |
|
| 245 | 1 | 0 |
_aBibliografía crítica de Miguel de Unamuno _b: (1888-1975) / _cpor Pelayo H. Fernández. |
| 260 |
_aMadrid : _bJosé Porrúa Turanzas, _c[1976] |
||
| 300 |
_aXXXIX, 336 p. ; _c22 cm. |
||
| 490 | 1 | _aEnsayos | |
| 600 | 1 | 4 |
_aUnamuno, Miguel de, _d1864-1936- _vBibliografías _9172392 |
| 830 | 1 |
_aEnsayos _9176633 |
|
| 852 |
_aES-MaACL _jA-6301 |
||
| 999 |
_c62414 _d62414 |
||